| 000 | 00720nam a2200277Ia 4500 | ||
|---|---|---|---|
| 008 | 210210b2016 xxu||||| |||| 00| 0 eng d | ||
| 020 | _a9781259098758 | ||
| 041 | _aeng | ||
| 082 | _a351.3 SHAG | ||
| 100 | _aSHARMA (Arun) | ||
| 245 | _aGeneral studies paper II: for civil services preliminary examination 2016 | ||
| 260 |
_aNew Delhi _bMcGraw Hill Education (India) Private Limited _c2016 |
||
| 300 | _axxvi,704 | ||
| 650 | _astudies | ||
| 650 | _aservices | ||
| 650 | _apreliminary | ||
| 650 | _apaper | ||
| 650 | _aII:for | ||
| 650 | _aGeneral | ||
| 650 | _aexamination | ||
| 650 | _acivil | ||
| 650 | _a2016 | ||
| 690 | _aCivil Service | ||
| 700 | _aBHAGAT (Madhukar Kumar) | ||
| 906 | _a070115 | ||
| 999 |
_c119682 _d119682 |
||